000 00314nam a2200133Ia 4500
008 231129s1973||||xx |||||||||||||| ||spa||
040 _bspa
082 _aE823 C947b
100 _aCronin A. J.
245 0 _aUn bolsillo lleno de vodka : novela
260 _c1973
264 _aEmece Editores
942 _2ddc
_cBKS
999 _c25794
_d25794